MARC details
| 000 -LEADER |
| fixed length control field |
03255nam a2200613 i 4500 |
| 001 - CONTROL NUMBER |
| control field |
3026817 |
| 005 - DATE AND TIME OF LATEST TRANSACTION |
| control field |
20210714162147.0 |
| 008 - FIXED-LENGTH DATA ELEMENTS--GENERAL INFORMATION |
| fixed length control field |
191011s2019 nyua b 000 1 eng d |
| 020 ## - INTERNATIONAL STANDARD BOOK NUMBER |
| International Standard Book Number |
9781534449497 : |
| Terms of availability |
$16.99 |
| 020 ## - INTERNATIONAL STANDARD BOOK NUMBER |
| International Standard Book Number |
1534449493 : |
| Terms of availability |
$16.99 |
| 020 ## - INTERNATIONAL STANDARD BOOK NUMBER |
| International Standard Book Number |
9781534449480 |
| 020 ## - INTERNATIONAL STANDARD BOOK NUMBER |
| Cancelled/invalid ISBN |
9781534449503 |
| 035 ## - SYSTEM CONTROL NUMBER |
| System control number |
(OCoLC)1085152702 |
| 035 ## - SYSTEM CONTROL NUMBER |
| System control number |
(OCoLC)on1085152702 |
| 035 ## - SYSTEM CONTROL NUMBER |
| System control number |
2906745 |
| 035 ## - SYSTEM CONTROL NUMBER |
| System control number |
2906745 |
| 040 ## - CATALOGING SOURCE |
| Original cataloging agency |
PABRO |
| Language of cataloging |
eng |
| Description conventions |
rda |
| Transcribing agency |
PABRO |
| 050 #4 - LIBRARY OF CONGRESS CALL NUMBER |
| Classification number |
PZ7.1.G74 |
| Item number |
Mis 2019 |
| 082 04 - DEWEY DECIMAL CLASSIFICATION NUMBER |
| Classification number |
[E] |
| Edition number |
23 |
| 092 ## - LOCALLY ASSIGNED DEWEY CALL NUMBER (OCLC) |
| Classification number |
junior fiction |
| Item number |
Green |
| 100 1# - MAIN ENTRY--PERSONAL NAME |
| Personal name |
Green, Poppy, |
| Relator term |
author. |
| 9 (RLIN) |
5929382 |
| 245 14 - TITLE STATEMENT |
| Title |
The missing tooth fairy / |
| Statement of responsibility, etc |
by Poppy Green ; illustrated by Jennifer A. Bell. |
| 264 #1 - Production, Publication, Distribution, Manufacture, and Copyright Notice. |
| Place of production, publication, distribution, manufacture |
New York : |
| Name of producer, publisher, distributor, manufacturer |
Little Simon, |
| Date of production, publication, distribution, manufacture, or copyr |
2019. |
| 300 ## - PHYSICAL DESCRIPTION |
| Extent |
117 pages : |
| Other physical details |
illustrations ; |
| Dimensions |
19 cm. |
| 336 ## - Content Type |
| Content type term |
text |
| 337 ## - Media type |
| Media type term |
unmediated |
| 338 ## - Carrier type |
| Carrier type term |
volume |
| 490 1# - SERIES STATEMENT |
| Series statement |
The adventures of Sophie Mouse ; |
| Volume number/sequential designation |
15 |
| 520 ## - SUMMARY, ETC. |
| Summary, etc |
Sophie gets a visit from the tooth fairy-or does she?-in this fifteenth charming book of The Adventures of Sophie Mouse series! Sophie Mouse has never lost a tooth before. But it looks like that's about to change because Sophie's tooth sure is wiggly! She's a little scareduntil a friend tells her that when you lose your tooth and put it under your pillow, the tooth fairy brings you a present! Now Sophie can't wait for her tooth to fall out. Then, Sophie does exactly what she's supposed to but the tooth fairy never comes! What did Sophie do wrong? Or is the tooth fairy simplymissing? With easy-to-read language and illustrations on almost every page, the Adventures of Sophie Mouse chapter books are perfect for beginning readers. |
| 521 1# - TARGET AUDIENCE NOTE |
| Target audience note |
7-10 |
| Source |
Brodart. |
| 521 2# - TARGET AUDIENCE NOTE |
| Target audience note |
2-5 |
| Source |
Brodart. |
| 526 0# - STUDY PROGRAM INFORMATION NOTE |
| Program name |
Accelerated Reader |
| Interest level |
LG |
| Reading level |
3.1 |
| Title point value |
1. |
| 650 #0 - SUBJECT ADDED ENTRY--TOPICAL TERM |
| Topical term or geographic name as entry element |
Tooth Fairy (Legendary character) |
| Form subdivision |
Juvenile fiction. |
| 9 (RLIN) |
5724048 |
| 650 #0 - SUBJECT ADDED ENTRY--TOPICAL TERM |
| Topical term or geographic name as entry element |
Mice |
| Form subdivision |
Juvenile fiction. |
| 9 (RLIN) |
5676295 |
| 650 #0 - SUBJECT ADDED ENTRY--TOPICAL TERM |
| Topical term or geographic name as entry element |
Teeth |
| Form subdivision |
Juvenile fiction. |
| 9 (RLIN) |
5705853 |
| 650 #1 - SUBJECT ADDED ENTRY--TOPICAL TERM |
| Topical term or geographic name as entry element |
Tooth Fairy |
| Form subdivision |
Fiction. |
| 650 #1 - SUBJECT ADDED ENTRY--TOPICAL TERM |
| Topical term or geographic name as entry element |
Mice |
| Form subdivision |
Fiction. |
| 650 #1 - SUBJECT ADDED ENTRY--TOPICAL TERM |
| Topical term or geographic name as entry element |
Teeth |
| Form subdivision |
Fiction. |
| 650 #7 - SUBJECT ADDED ENTRY--TOPICAL TERM |
| Topical term or geographic name as entry element |
JUVENILE FICTION / Animals / Mice, Hamsters, Guinea Pigs, etc. |
| Source of heading or term |
bisacsh |
| 9 (RLIN) |
5713191 |
| 650 #7 - SUBJECT ADDED ENTRY--TOPICAL TERM |
| Topical term or geographic name as entry element |
JUVENILE FICTION / Reader - Chapter Books |
| Source of heading or term |
bisacsh |
| 9 (RLIN) |
5739946 |
| 650 #7 - SUBJECT ADDED ENTRY--TOPICAL TERM |
| Topical term or geographic name as entry element |
JUVENILE FICTION / Science & Nature |
| Source of heading or term |
bisacsh |
| 9 (RLIN) |
5791786 |
| 700 1# - ADDED ENTRY--PERSONAL NAME |
| Personal name |
Bell, Jennifer A., |
| Relator term |
illustrator. |
| 9 (RLIN) |
5870282 |
| 800 1# - SERIES ADDED ENTRY--PERSONAL NAME |
| Personal name |
Green, Poppy. |
| Title of a work |
Adventures of Sophie Mouse ; |
| Volume/sequential designation |
15. |
| 9 (RLIN) |
5952509 |
| 942 ## - ADDED ENTRY ELEMENTS (KOHA) |
| Source of classification or shelving scheme |
Dewey Decimal Classification |
| Koha item type |
BOOK |
| 948 ## - LOCAL PROCESSING INFORMATION (OCLC); SERIES PART DESIGNATOR (RLIN) |
| Series part designator, SPT (RLIN) |
BVP |
| b (OCLC) |
CHILDREN'S |
| p (OCLC) |
X121592901 |
| k (OCLC) |
J |
| h (OCLC) |
F |
| f (OCLC) |
1 |
| r (OCLC) |
2 |
| g (OCLC) |
1 |
| 7 (OCLC) |
0 |
| u (OCLC) |
3 |
| w (OCLC) |
11 |
| s (OCLC) |
0 |
| o (OCLC) |
BVP |
| 0 (OCLC) |
$16.99 |
| y (OCLC) |
99 |
| c (OCLC) |
26 |
| j (OCLC) |
Dewey Decimal |
| n (OCLC) |
On-Order |
| e (OCLC) |
1715970-1 |
| 9 (OCLC) |
Item generated Jul 8 2020 11:30AM |